000
00288nam a22001337a 4500
008
170616b xxu||||| |||| 00| 0 eng d
020
_a
9780130940179
041
_a
eng
080
_2
3RD
_a
323
100
_a
20
101
_a
SHP
245
_a
AMERICAN ISSUES
_c
UNGER,I
942
_2
udc
_c
BK
999
_c
17810
_d
17810